000 00716nam a2200241Ia 4500
003 OSt
005 20221006164723.0
006 a|||||r|||| 00| 0
007 ta
008 221006b |||||||| |||| 00| 0 hin d
024 _a7,649
037 _cTheseses
040 _aFML
_cFML
_bhin
041 _2hin
_ahin
100 _aShukla Yogmaya Au.
_9678181
110 _aDelhi University Delhi. Faculty of Music and Fine Arts. Department of Music
245 0 _aTabale Ka Udgam Vikas Aur Vadan Shailiyan
260 _c1983
300 _a316
_ccm.
700 _aDelhi University Delhi. Faculty of Music and Fine Arts. Department of Music
942 _cDIS
_2CC
999 _c1118233
_d1118233